|
|
|
|
| LEADER |
01474nam a2200373 4500 |
| 001 |
EBC214780 |
| 003 |
MiAaPQ |
| 005 |
20200520144314.0 |
| 006 |
m o d | |
| 007 |
cr cn||||||||| |
| 008 |
041006s2005 enka sb 101 0 eng d |
| 020 |
|
|
|z 0415349001 (hbk.)
|
| 035 |
|
|
|a (MiAaPQ)EBC214780
|
| 035 |
|
|
|a (Au-PeEL)EBL214780
|
| 035 |
|
|
|a (CaPaEBR)ebr10163307
|
| 035 |
|
|
|a (CaONFJC)MIL25463
|
| 035 |
|
|
|a (OCoLC)475922480
|
| 040 |
|
|
|a MiAaPQ
|c MiAaPQ
|d MiAaPQ
|
| 050 |
|
4 |
|a HB501
|b .W67 2005
|
| 082 |
0 |
4 |
|a 330.122
|2 22
|
| 245 |
0 |
0 |
|a Worlds of capitalism
|h [electronic resource] :
|b institutions, governance and economic change in the era of globalization /
|c edited by Max Miller.
|
| 260 |
|
|
|a London :
|b Routledge,
|c 2005.
|
| 300 |
|
|
|a xiii, 331 p. :
|b ill.
|
| 490 |
1 |
|
|a Routledge studies in governance and change in the global era ;
|v 5
|
| 504 |
|
|
|a Includes bibliographical references and index.
|
| 533 |
|
|
|a Electronic reproduction. Ann Arbor, MI : ProQuest, 2015. Available via World Wide Web. Access may be limited to ProQuest affiliated libraries.
|
| 650 |
|
0 |
|a Capitalism
|v Congresses.
|
| 650 |
|
0 |
|a Economic policy
|v Congresses.
|
| 650 |
|
0 |
|a Social policy
|v Congresses.
|
| 655 |
|
4 |
|a Electronic books.
|
| 700 |
1 |
|
|a Miller, Max H.
|
| 710 |
2 |
|
|a ProQuest (Firm)
|
| 830 |
|
0 |
|a Routledge studies in governance and change in the global era ;
|v 5.
|
| 856 |
4 |
0 |
|u https://ebookcentral.proquest.com/lib/matrademy/detail.action?docID=214780
|z Click to View
|